[Event "Mittelfranken-chTB2b 0809"]
[Site "Mittelfranken"]
[Date "2009.02.08"]
[Round "6.3"]
[White "Enderlein, Hermann"]
[Black "Gebhard, Thomas"]
[Result "0-1"]
[WhiteElo "1892"]
[BlackElo "1910"]
[PlyCount "46"]
[EventDate "2008.10.12"]
[EventType "team"]
[EventRounds "9"]
[EventCountry "GER"]
[SourceTitle "EXT 2011"]
[Source "ChessBase"]
[SourceDate "2010.11.26"]
[SourceVersion "1"]
[SourceVersionDate "2010.11.26"]
[SourceQuality "1"]
[WhiteTeam "Gunzenhausen/Weissenburg II"]
[BlackTeam "Nuernberg Zabo"]
[WhiteTeamCountry "GER"]
[BlackTeamCountry "GER"]

1. c4 e6 2. Nc3 d5 3. cxd5 exd5 4. g3 Nf6 5. Bg2 c6 6. Nf3 Be7 7. 0-0 0-0 8. d3 Bf5 9. b3 Nbd7 10. Bb2 h6 11. Re1 Nc5 12. Nh4 Bh7 13. Qc2 a5 14. Rad1 g5 15. Nf3 Qb6 16. h4 Ng4 17. hxg5 Nxf2 18. Rd2 Ng4 19. e3 hxg5 20. Qd1 Qc7 21. Nxg5 Qxg3 22. Nxh7 Kxh7 23. Qf3 Qxe1+ 0-1

[Event "Mittelfranken-chTB2b 0809"]
[Site "Mittelfranken"]
[Date "2008.12.07"]
[Round "3.2"]
[White "Enderlein, Hermann"]
[Black "Regnat, Markus"]
[Result "0-1"]
[WhiteElo "1892"]
[BlackElo "2020"]
[PlyCount "91"]
[EventDate "2008.10.12"]
[EventType "team"]
[EventRounds "9"]
[EventCountry "GER"]
[SourceTitle "EXT 2011"]
[Source "ChessBase"]
[SourceDate "2010.11.26"]
[SourceVersion "1"]
[SourceVersionDate "2010.11.26"]
[SourceQuality "1"]
[WhiteTeam "Gunzenhausen/Weissenburg II"]
[BlackTeam "Neumarkt"]
[WhiteTeamCountry "GER"]
[BlackTeamCountry "GER"]

1. c4 g6 2. Nc3 Bg7 3. Nf3 d6 4. g3 Nf6 5. Bg2 0-0 6. 0-0 e5 7. d3 Nc6 8. Bg5 h6 9. Bd2 Be6 10. Rb1 Qd7 11. b4 Bh3 12. b5 Ne7 13. e4 Nh5 14. Nh4 Kh7 15. Nf5 Bxg2 16. Kxg2 Nxf5 17. exf5 Nf6 18. fxg6+ fxg6 19. Ne4 b6 20. a4 a6 21. Qe2 axb5 22. axb5 d5 23. Nxf6+ Rxf6 24. cxd5 Rd6 25. Rfc1 Ra2 26. Qe3 Rxd5 27. Bc3 Rxd3 28. Qe4 Rd5 29. Qc4 Ra7 30. Qe2 Ra8 31. Rd1 Rd8 32. Rxd5 Qxd5+ 33. f3 Qc5 34. Rc1 Rd5 35. Bd2 Qd6 36. Be3 Qd7 37. Qc4 Rxb5 38. Qxc7 Rb2+ 39. Bf2 Qd2 40. Rf1 b5 41. h4 h5 42. g4 hxg4 43. fxg4 Qf4 44. g5 Qg4+ 45. Kh1 Rb3 46. Bg1 0-1

[Event "Mittelfrankenliga-B2b 0506"]
[Site "Germany"]
[Date "2006.01.15"]
[Round "4.3"]
[White "Enderlein, Hermann"]
[Black "Kiefer, Johannes"]
[Result "1/2-1/2"]
[WhiteElo "1937"]
[BlackElo "1729"]
[PlyCount "44"]
[EventDate "2005.10.16"]
[EventType "team"]
[EventRounds "9"]
[EventCountry "GER"]
[SourceTitle "EXT 2007"]
[Source "ChessBase"]
[SourceDate "2006.11.23"]
[SourceVersion "1"]
[SourceVersionDate "2006.11.23"]
[SourceQuality "1"]

1. c4 c5 2. Nc3 Nc6 3. Nf3 e5 4. e4 g6 5. d3 h6 6. Be2 Bg7 7. Bd2 Nge7 8. a3 0-0 9. Rb1 d6 10. b4 b6 11. b5 Nb8 12. 0-0 f5 13. Ne1 f4 14. Kh1 Nd7 15. Rg1 Nf6 16. g3 g5 17. g4 Ng6 18. f3 Be6 19. Nc2 Kf7 20. Kg2 Rh8 21. Rb4 Qe7 22. Kf2 h5 1/2-1/2